[Event "Metz op 14th"]
[Site "Metz"]
[Date "1996.??.??"]
[Round "?"]
[White "Kogan, Artur"]
[Black "Munschi, Serge"]
[Result "1-0"]
[WhiteElo "2485"]
[BlackElo "2290"]
[PlyCount "103"]
[EventDate "1996.04.??"]
[EventType "swiss"]
[EventRounds "9"]
[EventCountry "FRA"]
[SourceTitle "EXT 1998"]
[Source "ChessBase"]
[SourceDate "1997.11.17"]
[SourceVersion "1"]
[SourceVersionDate "1997.11.17"]
[SourceQuality "1"]

1. e4 c5 2. Nf3 Nc6 3. Nc3 d6 4. g3 g6 5. Bg2 Bg7 6. d3 Nf6 7. Be3 Rb8 8. 0-0 0-0 9. h3 b5 10. e5 Nxe5 11. Nxe5 dxe5 12. Bxc5 Qc7 13. b4 a5 14. Qd2 Rd8 15. a4 bxa4 16. Rxa4 axb4 17. Bxb4 Rd4 18. Ne2 Bd7 19. Nxd4 Bxa4 20. Ra1 Be8 21. Nb3 Rc8 22. Bc5 Bc6 23. Ra7 Qb8 24. Bxc6 Rxc6 25. Qa5 Bf8 26. Bxe7 Qe8 27. Bxf8 Kxf8 28. Ra8 Rc8 29. Rxc8 Qxc8 30. Qxe5 Qxc2 31. Nc5 Kg8 32. d4 Qb1+ 33. Kh2 Qb6 34. Nd3 Qd8 35. Nf4 h6 36. g4 Nd7 37. Qd6 Qf6 38. Qxd7 Qxf4+ 39. Kg1 Qf3 40. Qe7 Kg7 41. Qe3 Qd1+ 42. Kg2 h5 43. Qe5+ Kf8 44. gxh5 gxh5 45. d5 Qc2 46. Qxh5 Ke7 47. Qe5+ Kd7 48. h4 Qg6+ 49. Kh2 Qg4 50. Qf6 Qh5 51. d6 Kc6 52. Kg3 1-0

[Event "Metz op 14th"]
[Site "Metz"]
[Date "1996.??.??"]
[Round "?"]
[White "Mayer, J."]
[Black "Munschi, Serge"]
[Result "1/2-1/2"]
[WhiteElo "2045"]
[BlackElo "2290"]
[PlyCount "111"]
[EventDate "1996.04.??"]
[EventType "swiss"]
[EventRounds "9"]
[EventCountry "FRA"]
[SourceTitle "EXT 1998"]
[Source "ChessBase"]
[SourceDate "1997.11.17"]
[SourceVersion "1"]
[SourceVersionDate "1997.11.17"]
[SourceQuality "1"]

1. e4 c5 2. Nf3 Nc6 3. c3 Nf6 4. d3 g6 5. Be2 Bg7 6. 0-0 0-0 7. Re1 d6 8. Bf1 b6 9. d4 Bg4 10. h3 Bxf3 11. gxf3 cxd4 12. cxd4 Nh5 13. Be3 e5 14. dxe5 Bxe5 15. Qd2 Qf6 16. Bg5 Qg7 17. Nc3 Nd4 18. Bg2 Ne6 19. Bh6 Qf6 20. Nd5 Qh4 21. Bxf8 Rxf8 22. f4 Nhxf4 23. Nxf4 Nxf4 24. Qe3 Bxb2 25. Rad1 Be5 26. Qf3 h5 27. Kf1 Qe7 28. Rc1 b5 29. Rc2 b4 30. Rec1 Qb7 31. Qb3 Ne6 32. Qd5 Qxd5 33. exd5 Nc5 34. Rxc5 dxc5 35. Rxc5 Rb8 36. Ra5 Bd4 37. d6 Kf8 38. Rd5 Bb6 39. Rb5 Rd8 40. Rxb4 Rxd6 41. Ke2 Rf6 42. Bf3 Rf5 43. a4 Kg7 44. Rb5 Rf6 45. Rd5 Rc6 46. Rd2 Rc4 47. Ra2 a5 48. Bd5 Rd4 49. Bc6 Rf4 50. Kf1 Bd4 51. Re2 g5 52. Kg2 h4 53. f3 Bf6 54. Be4 Bc3 55. Rc2 Bb4 56. Rc7 1/2-1/2

[Event "Budapest FS08 IM-B"]
[Site "Budapest"]
[Date "1995.??.??"]
[Round "4"]
[White "Kahn, Evarth"]
[Black "Munschi, Serge"]
[Result "1-0"]
[WhiteElo "2350"]
[BlackElo "2290"]
[PlyCount "81"]
[EventDate "1995.08.??"]
[EventType "tourn"]
[EventRounds "11"]
[EventCountry "HUN"]
[EventCategory "3"]
[SourceTitle "EXT 1997"]
[Source "ChessBase"]
[SourceDate "1996.11.15"]
[SourceVersion "1"]
[SourceVersionDate "1996.11.15"]
[SourceQuality "1"]

1. d4 Nf6 2. c4 e6 3. Nc3 Bb4 4. Qc2 d5 5. a3 Bxc3+ 6. Qxc3 Ne4 7. Qc2 Nc6 8. Nf3 e5 9. e3 Bf5 10. Bd3 exd4 11. exd4 0-0 12. 0-0 Re8 13. Re1 dxc4 14. Bxe4 Nxd4 15. Qb1 Ne2+ 16. Rxe2 Bxe4 17. Qxe4 Rxe4 18. Rxe4 Qd3 19. Re1 h6 20. Bd2 c5 21. Bc3 Rd8 22. h3 f6 23. Re7 Rd7 24. Re8+ Kf7 25. Rae1 Qd5 26. R1e3 b5 27. g4 Qb7 28. h4 Rd3 29. g5 hxg5 30. hxg5 Rxe3 31. Rxe3 b4 32. axb4 cxb4 33. Bd4 a5 34. Nh4 fxg5 35. Nf5 Qd5 36. Re5 Qf3 37. Ne3 a4 38. Rf5+ Qxf5 39. Nxf5 c3 40. bxc3 b3 41. Nd6+ 1-0

[Event "FRA-chT"]
[Site "France"]
[Date "1995.??.??"]
[Round "5"]
[White "Munschi, Serge"]
[Black "Nuvoloni, Dominique"]
[Result "1/2-1/2"]
[WhiteElo "2250"]
[BlackElo "2230"]
[PlyCount "47"]
[EventDate "1995.??.??"]
[EventType "team-tourn"]
[EventRounds "5"]
[EventCountry "FRA"]
[SourceTitle "EXT 2005"]
[Source "ChessBase"]
[SourceDate "2004.11.15"]
[SourceVersion "1"]
[SourceVersionDate "2004.11.15"]
[SourceQuality "1"]

1. d4 d5 2. c4 c6 3. Nc3 Nf6 4. e3 e6 5. Nf3 Nbd7 6. Qc2 Bd6 7. g4 h6 8. h3 dxc4 9. Bxc4 e5 10. Bd2 Qe7 11. dxe5 Nxe5 12. Nxe5 Bxe5 13. 0-0-0 Be6 14. Bxe6 Qxe6 15. Kb1 0-0-0 16. Ne4 Rd5 17. Nxf6 Bxf6 18. Bc1 Ra5 19. a3 Be7 20. Rd4 Rc5 21. Qe4 Re5 22. Qc2 Rc5 23. Qe4 Re5 24. Qc2 1/2-1/2

[Event "Budapest FS08 IM-B"]
[Site "Budapest"]
[Date "1995.??.??"]
[Round "7"]
[White "Todorovic, Goran N"]
[Black "Munschi, Serge"]
[Result "1-0"]
[WhiteElo "2420"]
[BlackElo "2290"]
[PlyCount "99"]
[EventDate "1995.08.??"]
[EventType "tourn"]
[EventRounds "11"]
[EventCountry "HUN"]
[EventCategory "3"]
[SourceTitle "EXT 1997"]
[Source "ChessBase"]
[SourceDate "1996.11.15"]
[SourceVersion "1"]
[SourceVersionDate "1996.11.15"]
[SourceQuality "1"]

1. Nf3 e6 2. c4 Nf6 3. g3 d5 4. Bg2 dxc4 5. Qa4+ Nbd7 6. Qxc4 c5 7. Qb3 Rb8 8. a4 b6 9. d3 Bd6 10. Na3 a6 11. 0-0 Bb7 12. Nc4 Bc7 13. Bd2 0-0 14. Rfc1 Bd5 15. Qc2 Qe7 16. Ne3 Bb7 17. b4 Bd6 18. b5 a5 19. Nc4 e5 20. e4 Bc7 21. Bc3 h6 22. Qb2 Rbe8 23. Re1 Bc8 24. Nh4 g6 25. Ne3 Bb7 26. Qd2 Nh7 27. Qa2 Qe6 28. Qb2 Qe7 29. Qe2 Ng5 30. Nd5 Qd6 31. Ne3 Kh7 32. Ng4 Nf6 33. Nxe5 Rxe5 34. f4 Nd7 35. fxe5 Nxe5 36. Rad1 Bc8 37. Qf1 Bg4 38. Rd2 Qe6 39. d4 Nc4 40. Rd3 cxd4 41. Bxd4 Be5 42. Bxe5 Nxe5 43. Rd5 Nd7 44. Nf3 Nxf3+ 45. Bxf3 Bxf3 46. Qxf3 Nc5 47. e5 Nxa4 48. Rd6 Qc4 49. Rf6 Kg7 50. Kh1 1-0

[Event "FRA-chT2 9495"]
[Site "France"]
[Date "1994.??.??"]
[Round "?"]
[White "Bologan, Viktor"]
[Black "Munschi, Serge"]
[Result "1-0"]
[WhiteElo "2600"]
[BlackElo "2200"]
[PlyCount "51"]
[EventDate "1994.??.??"]
[EventType "team-tourn"]
[EventRounds "11"]
[EventCountry "FRA"]
[SourceTitle "EXT 2008"]
[Source "ChessBase"]
[SourceDate "2007.11.25"]
[SourceVersion "1"]
[SourceVersionDate "2007.11.25"]
[SourceQuality "1"]

1. e4 c5 2. Nf3 Nc6 3. Bb5 d6 4. Bxc6+ bxc6 5. 0-0 Bg4 6. d3 e5 7. Nbd2 Ne7 8. c3 Ng6 9. h3 Be6 10. d4 cxd4 11. cxd4 Be7 12. Qc2 Qd7 13. dxe5 Nxe5 14. b3 Ng6 15. Rd1 0-0 16. Nc4 f5 17. Ba3 fxe4 18. Nfe5 Nxe5 19. Nxe5 Qe8 20. Nxc6 Bh4 21. Bxd6 Bxf2+ 22. Kh1 e3 23. Bxf8 Qxf8 24. Qe4 Re8 25. Rd8 Rxd8 26. Qxe6+ 1-0

[Event "Dijon tt"]
[Site "Dijon"]
[Date "1994.??.??"]
[Round "?"]
[White "Flear, Glenn C"]
[Black "Munschi, Serge"]
[Result "1-0"]
[WhiteElo "2525"]
[BlackElo "2295"]
[PlyCount "47"]
[EventDate "1994.??.??"]
[EventType "team-tourn"]
[EventRounds "9"]
[EventCountry "FRA"]
[SourceTitle "EXT 2004"]
[Source "ChessBase"]
[SourceDate "2003.11.25"]
[SourceVersion "1"]
[SourceVersionDate "2003.11.25"]
[SourceQuality "1"]

1. d4 Nf6 2. c4 e6 3. Nc3 Bb4 4. Qc2 c5 5. dxc5 Na6 6. a3 Qa5 7. Bd2 Nxc5 8. Rc1 Bxc3 9. Bxc3 Qa4 10. b4 Qxc2 11. Rxc2 Na4 12. Bd4 d6 13. f4 Bd7 14. e3 Ke7 15. Bd3 Rhc8 16. Nf3 b6 17. 0-0 Rab8 18. e4 Ne8 19. Rfc1 a5 20. e5 f6 21. Bxh7 dxe5 22. fxe5 fxe5 23. Bg6 Bc6 24. Bf2 1-0

[Event "Budapest FS08 IM"]
[Site "Budapest"]
[Date "1994.??.??"]
[Round "3"]
[White "Hetey, Laszlo"]
[Black "Munschi, Serge"]
[Result "0-1"]
[WhiteElo "2265"]
[BlackElo "2265"]
[PlyCount "56"]
[EventDate "1994.08.??"]
[EventType "tourn"]
[EventRounds "13"]
[EventCountry "HUN"]
[EventCategory "4"]
[SourceTitle "EXT 1997"]
[Source "ChessBase"]
[SourceDate "1996.11.15"]
[SourceVersion "1"]
[SourceVersionDate "1996.11.15"]
[SourceQuality "1"]

1. e4 c5 2. Nf3 Nc6 3. Bb5 e6 4. 0-0 Nge7 5. c3 a6 6. Ba4 b5 7. Bc2 Bb7 8. d4 cxd4 9. Nxd4 Ng6 10. Re1 Qc7 11. Nd2 Rc8 12. N2f3 Be7 13. Bg5 f6 14. Be3 Na5 15. h4 Nc4 16. Bc1 0-0 17. a4 b4 18. b3 Nce5 19. c4 Ng4 20. g3 Bc5 21. h5 N6e5 22. Nh4 f5 23. exf5 exf5 24. Bxf5 Bxd4 25. Qxd4 Rxf5 26. Bb2 Rxh5 27. Rxe5 Nxe5 28. f4 Rxh4 0-1

[Event "FRA-chT"]
[Site "France"]
[Date "1994.??.??"]
[Round "6"]
[White "Munschi, Serge"]
[Black "Bricard, Emmanuel"]
[Result "1/2-1/2"]
[WhiteElo "2295"]
[BlackElo "2465"]
[PlyCount "47"]
[EventDate "1994.??.??"]
[EventType "team-tourn"]
[EventRounds "11"]
[EventCountry "FRA"]
[SourceTitle "EXT 1999"]
[Source "ChessBase"]
[SourceDate "1998.11.16"]
[SourceVersion "1"]
[SourceVersionDate "1998.11.16"]
[SourceQuality "1"]

1. d4 Nf6 2. c4 c5 3. d5 b5 4. Nf3 Na6 5. cxb5 Nc7 6. Nc3 a6 7. bxa6 Bxa6 8. e4 Bxf1 9. Kxf1 d6 10. Bg5 g6 11. Bxf6 exf6 12. g3 Qb8 13. Kg2 Bg7 14. Qd3 0-0 15. Rab1 Ra6 16. Nd2 Qa8 17. Rhd1 f5 18. Nc4 fxe4 19. Qxe4 f5 20. Qd3 Rb8 21. a3 Rb3 22. Nd2 Rb8 23. Nc4 Rb3 24. Nd2 1/2-1/2